000 00473nam a2200169Ia 4500
008 230917s9999||||xx |||||||||||||| ||und||
020 _cRS 1295.00
040 _e5009485
_aMAIN
041 _aEnglish
082 _a954.01 D569M
100 _aDikshitar, V R Ramachandra
245 0 _aMauryan polity
260 _aNew Delhi
_bManohar Publishers and Distributors
_c2023
300 _aviii, 394 p.
500 _a4857 22/12/2022 HBD23/9689 19/01/2023 Main Budget
942 _cBK
999 _c7561
_d7561